000 00927nam a2200277Ia 4500
003 OSt
005 20220918170844.0
006 a|||||r|||| 00| 0
007 ta
008 220917b |||||||| |||| 00| 0 eng d
020 _a9780745646480
_c1536.42
024 _a280,729
037 _bCBS/282, 14/03/2014, Classic Book Service
_cTextual
040 _aARTS
_cARTS
_beng
041 _2eng
_aeng
082 _aW64, Q4
100 _aSchmitt Carl
_931722
245 0 _aDictatorship
_b From the origin of the modern concept of sovereignty to proletarian class struggle
260 _aMalden
_bPolity UK
_c2014
300 _axlv, 314p.
_ccm.
650 _aPOLITICAL SCIENCE
700 _a Hielzl Michael Tr.
_931723
700 _a Ward Graham Tr.
_931724
942 _hW64, Q4
_cTEXL
_2CC
999 _c136259
_d136259